Statistics for All Lego Themes

Click here to take the quiz!

General Stats

  • This quiz has been taken 25 times
  • The average score is 16 of 95

Answer Stats

HintAnswer% Correct
cCity
83%
nNinjago
78%
sStar Wars
78%
hHarry Pottter
78%
bBatman
61%
sSpace
56%
pPirates of the Caribbean
50%
cCastle
50%
tTechnic
50%
pPirates
50%
dDisney
44%
fFriends
44%
nNexo Knights
39%
sSpider-man
39%
hThe Hobbit
39%
mMinecraft
33%
lLord of the Rings
33%
iIndiana Jones
33%
dDuplo
33%
aAtlantis
28%
cClassic
28%
aArchitecture
22%
bBionicle
22%
iIdeas
22%
pPower Miners
22%
lLegends of Chima
22%
hHero Factory
17%
sSpeed Champions
17%
cCars
17%
mMindstorms
17%
bBelville
17%
mMinions
17%
jJurassic World
17%
tThe Lego Movie
17%
rRacers
17%
dDinosaur
17%
cCreator Expert
17%
tToy Story
17%
oOverWatch
17%
eElves
17%
aAlpha Team
11%
hHidden side
11%
eExo-Force
11%
dDots
11%
uUltra Agents
11%
gGhostbusters
11%
sThe Simpsons
11%
tTrolls World Tour
6%
lThe Lone Ranger
6%
pPrince of Persia
6%
sSpongebob Squarepants
6%
rRock Raiders
6%
sStranger Things
6%
sScooby Doo
6%
tThe Lego Batman Movie
6%
wWorld Racers
6%
vVikings
6%
sSuper Mario
6%
tTrains
6%
aAdventurers
6%
pPharaohs Quest
6%
mMinifigure
6%
cCreator 3-in-1
6%
fFabuland
6%
aAlien Conquest
6%
xXtra
6%
mMonkie Kid
6%
mMixels
0%
aAqua Raiders
0%
aArt
0%
uUnikitty
0%
bBoost
0%
bBrick Sketches
0%
bBrickHeadz
0%
tToy Story 4
0%
oOriginals
0%
dDC Super Heros
0%
pThe PowerPuff Girls
0%
dDisney Princess
0%
eEducation
0%
lThe Last Airbender
0%
pPower UP
0%
fFrozen 2
0%
tThe Angry Bird Movie
0%
pPower Functions
0%
hHomemaker
0%
iIsland Xtreme Stunts
0%
jJuniors
0%
lLeague Challenge
0%
lLego Ninjago Movie
0%
sSpeed racer
0%
mMarvel Super heros
0%
mMonster Fighters
0%
sSerious Play
0%
gGames
0%

Score Distribution

Percentile by Number Answered

Percent of People with Each Score

Your Score History

You have not taken this quiz